LEADER 01386nam a2200301 i 4500 001 000000104905 003 CaOOAMICUS 005 20070509162705.0 008 070509s2000 xx 000 b lat c 020 $a84-254-2087-3 040 $aPUG$bita$dPUL$dLDB 041 0 $alat$aspa$hger$hlat 100 1 $aDenzinger, Heinrich Joseph Dominik,$d1819-1883.$0(OLS)http://pul/name/316 245 13$aEl Magisterio de la Iglesia :$benchiridion symbolorum definitionum et declarationum de rebus fidei et morum /$cHeinrich Denzinger, Peter Hünermann. 250 $a2a edición. 260 $aBarcelona :$bHerder,$c2000. 300 $a1630 p. ;$c25 cm 500 $aVersión castellana de la 38a edición alemana. 500 $aIndici: p. 1582-1630. 500 $aTesto su due colonne in latino e spagnolo. 630 04$aEnchiridion.$0(OLS)http://pul/subject/20751 700 1 $aHünermann, Peter,$ecoll.$0(OLS)http://pul/name/40354 850 $aPUL 852 $aPUL$W1$xSL Religione 3$y85$m238 ENCH 1$j117489$qDDC 21$B117432$CPULBib$Z2$F117432 $H102299 $82 941 1 $a9 996 $6020$a84-254-2087-3$9(OLS)http://pul/number/134273 996 $6245$aEl Magisterio de la Iglesia :$benchiridion symbolorum definitionum et declarationum de rebus fidei et morum$9(OLS)http://pul/title/131951 996 $6260$aBarcelona :$bHerder$9(OLS)http://pul/publisher/53708 LEADER 01032nam a2200265 u 4500 001 000000069897 003 CaOOAMICUS 005 20070226121948.0 008 020422s1955 gw u000 u ger u 035 $a10927445 040 $aPUL(R)$bita 100 1 $aEllwein, Thomas.$0(OLS)http://pul/name/46482 245 10$aKlerikalismus in der deutschen Politik /$cThomas Ellwein. 260 $aM&ULnchen :$bIsar,$c1955. 300 $a305 p. ;$c24 cm 490 1 $aHei{BE}e Eisen ;$vBd. 1 504 $aContiene indicazioni bibliografiche. 651 4$aGermania$xPolitica e governo.$0(OLS)http://pul/subject/23463 830 0$.aHeisse Eisen ;$vBd. 1.$0(OLS)http://pul/title/92241 850 $aPUL 852 $aPUL$W1$xSL Filosofia 1$y2$m127 D 48$j90494$nBK-PRI$b $qStampati$B90494$CPULBib$Z2$F90494 $H $81 941 1 $a8 961 $aINV: 60435 996 $6245$aKlerikalismus in der deutschen Politik$9(OLS)http://pul/title/92240 996 $6260$aM&ULnchen :$bIsar$9(OLS)http://pul/publisher/72819